Movies released in 2015 - Statistics

General Stats
  • This quiz has been taken 13 times
  • The average score is 19 of 50
Answer Stats
Hint movie name % Correct
Chris Hemsworth, Chris Evans, Mark Ruffalo, Robert Downey Jr, Scarlett Johansson, Jeremy Renner, Elizabeth Olsen Avengers: Age of Ultron
90%
Paul Rudd, Michael Douglas, evangeline Lily, Corey Stoll Ant-Man
80%
Leonardo Dicaprio, Tom Hardy, Domhnall Gleeson, will Poulter, Forrest Goodluck The Revenant
80%
Chris Pratt, Bryce Dallas Howard, Nick Robinson, Ty Simpkins Jurassic World
70%
Nicholas Hoult, Tom Hardy, Charlize Theron, zoe Kravitz Mad Max: Fury Road
70%
Josh Gad, Peter Dinklage, Adam Sandler, Kevin James, Jane Krakowski, Ashley Benson Pixels
70%
Daisy Ridley, Mark Hamill, Harrison Ford, John Boyega, Carrie Fisher Star Wars: The Force Awakens
70%
Matt Damon, Jessica Chastain, Chiwetel Ejiofor, Kate Mara, Jeff daniels, Sebastian Stan The Martian
70%
Amy Poehler, Mindy Kaling, Phyllis Smith, Bill Hader, Lewis Black Inside Out
60%
Octavia Spencer, Ansel Elgort, Jai Courtney, Kate Winslet, Naomi Watts, Miles Teller, Zoe Kravitz, Shailene Woodley, Theo James Insurgent
60%
Anna Kendrick, rebel Wilson, Hailee Steinfeld, Anna Camp Pitch Perfect 2
60%
Daniel Craig, Christoph Waltz, Lea Seydoux, Monica Bellucci Spectre
60%
George Clooney, Britt Robertson, Hugh Laurie, Raffey Cassidy Tomorrowland
60%
Alicia Vikander, Oscar Isaac, Domhnall Gleeson, Sonoya Mizuno Ex Machina
50%
Paul Walker, Vin Diesel, Jason Statham, Dwayne Johnson, Michelle Rodriguez Furious 7
50%
Tom cruise, Rebecca Ferguson, Simon Pegg,Jeremy renner, Alec Baldwin, sean Harris Mission Impossible: Rogue Nation
50%
Emily Blunt, Benicio Del toro, Josh Brolin, Victor Garber Sicario
50%
Liam Hemsworth, Julianne Moore, Jennifer Lawrence, Josh Hutcherson, Elizabeth Banks, Woody Harrelson The Hunger Games: Mockingjay Part 2
50%
Amy Schumer, Bill Hader, John cena, Brie Larson, LeBron James, Tilda Swinton Trainwreck
50%
Cate Blanchett, Lily James, Holiday Granger, Nonso Anozie,Richard Madden, Derek Jacobi, Helena Bonham Carter Cinderella
40%
Sylvester Stallone, Michael B. Jordan, Tessa Thompson Creed
40%
Mark Wahlberg, Will ferrell, Linda Cardellini, John Cena, Thomas Haden Church Daddy's Home
40%
Jamie Dornan, Dakota Johnson, Rita Ora, Luke Grimes, Marcia Gay Harden Fifty Shades of Grey
40%
Jack Black, Dylan Minnette, Odeya Rush, Ryan Lee, Halston Sage, Amy Ryan Goosebumps
40%
Dylan O'Brien, Kaya Scodelario, Thomas Brodie- Sangster, Ki Hong Lee, Giancarlo Esposito, Aidan Gillen Maze Runner: The Scorch Trials
40%
Dwayne Johnson, Ioan Gruffudd, Alexandra daddario, Carla Gugino San Andreas
40%
Michael Keaton, Mark Ruffalo, Rachel MacAdams, Liev Schreiber Spotlight
40%
Tom hanks, Mark Rylance, Alan Alda, Amy Ryan, Austin Stowell, Billy Magnussen, Eva Hewson Bridge of Spies
30%
Miles Teller, Kate Mara, Michael B. Jordan, Jamie Bell, Toby Kebbell, Tim Blake Nelson Fantastic Four
30%
Adam Sandler, Andy Samberg, Selena Gomez, Keegan Micheal Key Hotel Transylvania 2
30%
Mila Kunis, eddie Redmayne, Channing Tatum, Sean Bean, Douglas Booth, Tuppence Middleton Jupiter Ascending
30%
Melissa McCarthy, Jason Statham, Rose Byrne, Jude Law, Miranda Hart Spy
30%
Halle Berry, Ryan Gosling, Steve Carrell,Brad Pitt, christian Bale, Marisa Tomei, Margot Robbie The Big Short
30%
Kurt Russell, Jennifer Jason Leigh, Samuel L. Jackson, Tim Roth, Michael Madsen The Hateful Eight
30%
Johnny Depp, Benedict Cumberbatch, Dakota Johnson, Joel Edgerton, Jesse Plemons Black Mass
20%
Cate Blanchett, Rooney Mara, Kyle Chandler, Sarah paulson, Jake Lacy, Cory Michael Smith Carol
20%
Sandra Bullock, Steve Carrell, Jon Hamm, Steve Coogan, Michael Keaton, Pierre Coffin Minions
20%
O'Shea Jackson Jr, Jason Mitchell, Corey Hawkins, Neil Brown Jr, Aldis Hodge Straight Outta Compton
20%
Jason Bateman, Rebecca hall, Joel Edgerton, Allison Tolman, Busy Philipps, david Denman The Gift
20%
Henry Cavill, Armie Hammer, Alicia Vikander, Hugh Grant, Elizabeth Debicki, David Beckham, Jared harris The Man from U.N.C.L.E
20%
Dev Patel, Hugh Jackman, Yolandi Visser, Sigourney Weaver, Sharlto Copley Chappie
10%
Tom Hiddleston, Jessica Chastain, Mia Wasikowska, Charlie Hunnam, Jim Beaver Crimson Peak
10%
Emily Watson, Jake Gyllenhaal, Jason Clarke, Josh Brolin, Keira Knightley, John Hawkes, Michael Kelly Everest
10%
Tom Hardy, Gary Oldman, Noomi Rapace, Jason Clarke, Joel Kinnaman Child 44
0%
Lin shaye, Stefani Scott, Leigh Whannel, Dermot Mulroney, James Wan Insidious: Chapter 3
0%
Bradley cooper, Robert De Niro, Jennifer Lawrence Joy
0%
Harrison Ford, Blake Lively, Ellen Burstyn, Kathy Baker, Michiel Huisman, Richard Harmon The Age of Adaline
0%
Frances McDormand, Raymond Ochoa, Peter Sohn, jeffrey Wright, Anna Paquin, Sam Elliot The Good Dinosaur
0%
Kristin Chenoweth, Noah Schnapp, Francesca Capaldi The Peanuts Movie
0%
Tom Kenny, Bill Fagerbakke, Clancy Brown, Carolyn Lawrence, Rodger Bumpass The Spongebob Movie: Sponge Out of Water
0%
No matching quizzes found
Score Distribution
Percent of People with Each Score
Percentile by Number Answered
Your Score History
You have not taken this quiz